ბათუმის შოთა რუსთაველის სახელმწიფო უნივერსიტეტის ბიბლიოთეკა

თხზულებანი 4 ტომად. ტ.2 (ბიბ.ჩანაწერი № 48531)

000 -LEADER
fixed length control field 00861nam a2200229Ia 4500
001 - CONTROL NUMBER
control field 15428
003 - CONTROL NUMBER IDENTIFIER
control field GE_BSU
008 - FIXED-LENGTH DATA ELEMENTS--GENERAL INFORMATION
fixed length control field 181216s||||||||xx |||||||||||||| ||und||
040 ## - CATALOGING SOURCE
Transcribing agency GE_BSU
080 ## - UNIVERSAL DECIMAL CLASSIFICATION NUMBER
Universal Decimal Classification number 821.353.1-1+821.353.1-11
100 ## - MAIN ENTRY--PERSONAL NAME
Personal name ჩიქოვანი,სიმონ
245 ## - TITLE STATEMENT
Title თხზულებანი 4 ტომად. ტ.2
245 ## - TITLE STATEMENT
Remainder of title ლექსები და პოემები
245 ## - TITLE STATEMENT
Statement of responsibility, etc. სარედ.კოლ.ვ.მარგველაშვილი. გ.ასათიანი. ა. სულაკაური. და სხვ. მხატვ. ს. კეცხოველი
260 ## - PUBLICATION, DISTRIBUTION, ETC.
Place of publication, distribution, etc. თბილისი
260 ## - PUBLICATION, DISTRIBUTION, ETC.
Name of publisher, distributor, etc. მერანი
260 ## - PUBLICATION, DISTRIBUTION, ETC.
Date of publication, distribution, etc. 1980
300 ## - PHYSICAL DESCRIPTION
Extent 423გვ.20სმ.
653 ## - INDEX TERM--UNCONTROLLED
Uncontrolled term თხზულებანი
653 ## - INDEX TERM--UNCONTROLLED
Uncontrolled term წერილები
942 ## - ADDED ENTRY ELEMENTS (KOHA)
Koha item type წიგნი
ეგზემპლარები
Withdrawn status Lost status Damaged status Not for loan Date acquired Barcode Date last seen Price effective from Koha item type
        2018-12-17 38432 2018-12-17 2018-12-17 წიგნი
        2018-12-17 38433 2018-12-17 2018-12-17 წიგნი